Types of Transportation - Statistics

General Stats
  • This quiz has been taken 79 times
  • The average score is 11 of 42
Answer Stats
Answer % Correct
Car
99%
Plane
91%
Train
91%
Bus
87%
Boat
72%
Bicycle
70%
Motorcycle
49%
Helicopter
45%
Horse
43%
Walking
43%
Skateboard
37%
Ski
34%
Subway
34%
Run
33%
Camel
25%
Canoe
24%
Submarine
24%
Tricycle
24%
Unicycle
22%
Kayak
21%
Trolley
18%
Roller Skates
16%
Pogo Stick
9%
Light-rail
7%
Monorail
7%
Sprint
7%
Crawl
6%
Paddle-board
6%
Rowboat
6%
Rocket Ship
4%
Jet-pack
3%
Rickshaw
3%
Wheelchair
3%
Climb
1%
Electric Scooter
1%
Horse and Buggy
1%
Dirt Bike
0%
Hand-cycle
0%
Inline Skates
0%
Moon shoes
0%
Normal Scooter
0%
Snowshoe
0%
No matching quizzes found
Score Distribution
Percent of People with Each Score
Percentile by Number Answered
Your Score History
You have not taken this quiz